Redgrave's health and safety (Record no. 924)

000 -LEADER
fixed length control field 01602pam a2200409 a 4500
003 - CONTROL NUMBER IDENTIFIER
control field UkOxU
005 - DATE AND TIME OF LATEST TRANSACTION
control field 20210622093708.0
008 - FIXED-LENGTH DATA ELEMENTS--GENERAL INFORMATION
fixed length control field 990111s1998 enk 001 0 eng d
020 ## - INTERNATIONAL STANDARD BOOK NUMBER
International Standard Book Number 040689969x
020 ## - INTERNATIONAL STANDARD BOOK NUMBER
International Standard Book Number 0406988080 (1999 suppl)
020 ## - INTERNATIONAL STANDARD BOOK NUMBER
International Standard Book Number 0406918953 (April 2000 suppl)
020 ## - INTERNATIONAL STANDARD BOOK NUMBER
International Standard Book Number 0406918988 (Nov 2000 suppl)
040 ## - CATALOGING SOURCE
Transcribing agency ALUPE UNIVERSITY
050 ## - LIBRARY OF CONGRESS CALL NUMBER
Classification number KD3156
Item number .H46 1998
100 1# - MAIN ENTRY--PERSONAL NAME
Personal name Hendy, John,
Dates associated with a name 1948-
245 10 - TITLE STATEMENT
Title Redgrave's health and safety
250 ## - EDITION STATEMENT
Edition statement 3rd ed. /
Remainder of edition statement John Hendy, Michael Ford.
260 ## - PUBLICATION, DISTRIBUTION, ETC.
Place of publication, distribution, etc. London :
Name of publisher, distributor, etc. Butterworths,
Date of publication, distribution, etc. c1998.
300 ## - PHYSICAL DESCRIPTION
Extent xlvii, 1955 p. ;
Dimensions 26 cm. +
Accompanying material Suppls.
500 ## - GENERAL NOTE
General note Previous ed.: published as Health and safety, 1993.
500 ## - GENERAL NOTE
General note Includes index.
650 #0 - SUBJECT ADDED ENTRY--TOPICAL TERM
Topical term or geographic name entry element Industrial hygiene
General subdivision Law and legislation
Geographic subdivision Great Britain.
650 #0 - SUBJECT ADDED ENTRY--TOPICAL TERM
Topical term or geographic name entry element Industrial safety
General subdivision Law and legislation
Geographic subdivision Great Britain
700 1# - ADDED ENTRY--PERSONAL NAME
Personal name Ford, Michael,
Dates associated with a name 1961 June 18-
700 1# - ADDED ENTRY--PERSONAL NAME
Personal name Redgrave, Alexander,
Dates associated with a name 1818-1894.
Title of a work Redgrave's health and safety in factories
942 ## - ADDED ENTRY ELEMENTS (KOHA)
Source of classification or shelving scheme
Koha item type Book
Suppress in OPAC DO
Holdings
Withdrawn status Lost status Source of classification or shelving scheme Damaged status Not for loan Permanent Location Current Location Shelving location Date acquired Total Checkouts Full call number Barcode Date last seen Price effective from Koha item type Public note Copy number
          AU LIBRARY AU LIBRARY Open Shelf 22.06.2021   KD3156 .H46 1998 28001715 22.06.2021 22.06.2021 Book DO  
          AU LIBRARY AU LIBRARY Open Shelf 11.02.2022   KD3156 .H46 2000 C2 28001714 11.02.2022 11.02.2022 Book WO 2

Powered by Koha